书目信息 |
| 题名: |
主要资本主义国家经济简史
|
|
| 作者: | 樊亢 编著 | |
| 分册: | ||
| 出版信息: | 北京 人民出版社 1973 |
|
| 页数: | 373页 | |
| 开本: | 19cm | |
| 丛书名: | ||
| 单 册: | ||
| 中图分类: | F119 , F112.7 | |
| 科图分类: | ||
| 主题词: | 经济史-资本主义国家 , 资本主义国家-经济史 | |
| 电子资源: | ||
| ISBN: | ||
| 000 | 00676nam0 2200241 450 | |
| 001 | 1554932348 | |
| 005 | 20150123201529.39 | |
| 010 | @dCNY0.75 | |
| 091 | @a4001.299@d¥0.75 | |
| 100 | @a19960326d1973 em y0chiy0110 ea | |
| 101 | 0 | @achi |
| 102 | @aCN@b110000 | |
| 105 | @ak z 000yy | |
| 200 | 1 | @a主要资本主义国家经济简史@9zhu yao zi ben zhu yi guo jia jing ji jian shi@f樊亢等编著 |
| 210 | @a北京@c人民出版社@d1973 | |
| 215 | @a373页@c表@d19cm | |
| 606 | 0 | @a经济史-资本主义国家 |
| 606 | 0 | @a资本主义国家-经济史 |
| 690 | @aF119@v5 | |
| 690 | @aF112.7@v4 | |
| 701 | 0 | @a樊亢@9fan kang@f(1924~)@4编著 |
| 801 | 0 | @aCN@bTSSF@c20150123 |
| 905 | @aZUCC@dF112.7@eJY51 | |
| 主要资本主义国家经济简史/樊亢等编著.-北京:人民出版社,1973 |
| 373页:表;19cm |
| ISBN :CNY0.75 |
| ● |
| 相关链接 |
|
|
|
|
正题名:主要资本主义国家经济简史
索取号:F112.7/JY51
 
预约/预借
| 序号 | 登录号 | 条形码 | 馆藏地/架位号 | 状态 | 备注 |
| 1 | 7839736 | 278397361 | 学院路分馆/ [索取号:F112.7/JY51] | 在馆 | |
| 2 | 7844053 | 278440536 | 学院路分馆/ [索取号:F112.7/JY51] | 在馆 |